[Event "FICGS theme 0002 email"]
[Site "FICGS email"]
[Date "2017.01.12"]
[Round "1"]
[White "Duttagupta, Aniruddha"]
[Black "Shapland, Roy"]
[Result "0-1"]
[WhiteElo "1808"]
[BlackElo "2375"]
[PlyCount "20"]
[EventDate "2017.??.??"]
[EventType "swiss (corr)"]
[EventRounds "1"]
[SourceTitle "Corr 2022"]
[Source "ChessBase"]
[SourceDate "2021.10.24"]
[SourceVersion "1"]
[SourceVersionDate "2021.10.24"]
[SourceQuality "1"]

1. e4 e5 2. Nf3 Nc6 3. Nc3 Nf6 4. d4 exd4 5. Nd5 Nb4 6. Nxf6+ Qxf6 7. a3 Nc6 8. Bd3 Bc5 9. 0-0 d6 10. Bg5 Qe6 0-1

[Event "FICGS theme 0002 email"]
[Site "FICGS email"]
[Date "2017.01.12"]
[Round "1"]
[White "Shapland, Roy"]
[Black "Kireev, Sergey Ivanovich"]
[Result "1/2-1/2"]
[WhiteElo "2375"]
[BlackElo "2294"]
[PlyCount "35"]
[EventDate "2017.??.??"]
[EventType "swiss (corr)"]
[EventRounds "1"]
[SourceTitle "Corr 2022"]
[Source "ChessBase"]
[SourceDate "2021.10.24"]
[SourceVersion "1"]
[SourceVersionDate "2021.10.24"]
[SourceQuality "1"]

1. e4 e5 2. Nf3 Nc6 3. Nc3 Nf6 4. d4 exd4 5. Nd5 Be7 6. Nxd4 Nxd5 7. exd5 Nxd4 8. Qxd4 0-0 9. Be2 Bf6 10. Qd3 d6 11. 0-0 Re8 12. Re1 g6 13. c3 Bf5 14. Qd1 c5 15. dxc6 bxc6 16. Be3 d5 17. Qd2 Qa5 18. Bf3 1/2-1/2

[Event "FICGS class M 000073 email"]
[Site "FICGS email"]
[Date "2015.07.21"]
[Round "1"]
[White "Markus, Roland"]
[Black "Shapland, Roy"]
[Result "1/2-1/2"]
[WhiteElo "2231"]
[BlackElo "2373"]
[PlyCount "76"]
[EventDate "2015.??.??"]
[EventType "tourn (corr)"]
[EventRounds "6"]
[SourceTitle "Corr 2022"]
[Source "ChessBase"]
[SourceDate "2021.10.24"]
[SourceVersion "1"]
[SourceVersionDate "2021.10.24"]
[SourceQuality "1"]

1. e4 e5 2. Nf3 Nc6 3. Bb5 a6 4. Ba4 Nf6 5. 0-0 Be7 6. Re1 b5 7. Bb3 0-0 8. c3 d6 9. h3 Nb8 10. d4 Nbd7 11. c4 c6 12. Nc3 b4 13. Na4 c5 14. d5 Re8 15. Bc2 Nf8 16. a3 a5 17. b3 Ng6 18. Nb2 Bd7 19. Nd3 h6 20. Ra2 Nh7 21. Qe2 Ng5 22. Nd2 f5 23. exf5 Nh4 24. axb4 axb4 25. Rxa8 Qxa8 26. f4 exf4 27. Nxf4 Nxf5 28. Bxf5 Bxf5 29. Bb2 Qa2 30. Ba1 Bd7 31. Qd1 Bf8 32. Rf1 Bf5 33. h4 Nf7 34. Nh5 Bg6 35. Nf4 Bh7 36. Ne6 Bd3 37. Re1 Qc2 38. Qf3 Qxd2 1/2-1/2

[Event "FICGS class M 000073 email"]
[Site "FICGS email"]
[Date "2015.07.21"]
[Round "1"]
[White "Shapland, Roy"]
[Black "Orlov, Sergei"]
[Result "1-0"]
[WhiteElo "2373"]
[BlackElo "2222"]
[PlyCount "87"]
[EventDate "2015.??.??"]
[EventType "tourn (corr)"]
[EventRounds "6"]
[SourceTitle "Corr 2022"]
[Source "ChessBase"]
[SourceDate "2021.10.24"]
[SourceVersion "1"]
[SourceVersionDate "2021.10.24"]
[SourceQuality "1"]

1. d4 Nf6 2. c4 e6 3. Nf3 b6 4. g3 Ba6 5. b3 Bb4+ 6. Bd2 Be7 7. Bg2 0-0 8. 0-0 d5 9. Ne5 Bb7 10. Nc3 Nbd7 11. Bf4 c5 12. Rc1 Rc8 13. dxc5 Nxe5 14. Bxe5 Bxc5 15. Bxf6 Qxf6 16. cxd5 Qe5 17. Qd3 Rfd8 18. Rfd1 Bb4 19. Nb5 Rxc1 20. Rxc1 a6 21. Qd4 Qxd4 22. Nxd4 Bxd5 23. Bxd5 Rxd5 24. Rc8+ Bf8 25. e3 g5 26. Ra8 a5 27. Rb8 Rd6 28. Nf3 f6 29. g4 e5 30. Kg2 Kf7 31. h4 h6 32. h5 Rc6 33. Nd2 Bd6 34. Ra8 Rc2 35. Ne4 Be7 36. Ra6 Rxa2 37. Rxb6 Rb2 38. Rb5 Ke6 39. Kg3 Kf7 40. Kf3 Bb4 41. Rb7+ Be7 42. Nc3 Rd2 43. Rb5 Bd8 44. Rd5 1-0

[Event "FICGS theme 0001 email"]
[Site "FICGS email"]
[Date "2015.05.29"]
[Round "1"]
[White "Kruse, Herbert"]
[Black "Shapland, Roy"]
[Result "1/2-1/2"]
[WhiteElo "2404"]
[BlackElo "2362"]
[PlyCount "43"]
[EventDate "2015.??.??"]
[EventType "swiss (corr)"]
[EventRounds "1"]
[SourceTitle "Corr 2022"]
[Source "ChessBase"]
[SourceDate "2021.10.24"]
[SourceVersion "1"]
[SourceVersionDate "2021.10.24"]
[SourceQuality "1"]

1. d4 d5 2. c4 e6 3. Nc3 c6 4. Nf3 dxc4 5. e3 b5 6. a4 Bb4 7. Bd2 a5 8. axb5 Bxc3 9. Bxc3 cxb5 10. b3 Bb7 11. bxc4 b4 12. Bb2 Nf6 13. Bd3 0-0 14. 0-0 Nbd7 15. Nd2 Qc7 16. f4 a4 17. Rb1 Rfd8 18. Qe2 Qd6 19. Ba1 b3 20. Bc3 Ne8 21. Rf2 Nc7 22. Ra1 1/2-1/2

[Event "FICGS theme 0001 email"]
[Site "FICGS email"]
[Date "2015.05.29"]
[Round "1"]
[White "Schuett, Wilhelm"]
[Black "Shapland, Roy"]
[Result "0-1"]
[WhiteElo "1800"]
[BlackElo "2362"]
[PlyCount "52"]
[EventDate "2015.??.??"]
[EventType "swiss (corr)"]
[EventRounds "1"]
[SourceTitle "Corr 2022"]
[Source "ChessBase"]
[SourceDate "2021.10.24"]
[SourceVersion "1"]
[SourceVersionDate "2021.10.24"]
[SourceQuality "1"]

1. d4 d5 2. c4 e6 3. Nc3 c6 4. Nf3 dxc4 5. a4 Bb4 6. e3 b5 7. Bd2 a5 8. axb5 Bxc3 9. Bxc3 cxb5 10. b3 Bb7 11. bxc4 b4 12. Bb2 Nf6 13. Bd3 0-0 14. 0-0 Nbd7 15. Nd2 Qc7 16. f4 a4 17. Ra2 Bc6 18. e4 Qb6 19. e5 Ne8 20. Qh5 g6 21. Qh6 a3 22. c5 Nxc5 23. Nc4 Qd8 24. Rd1 axb2 25. Rxa8 Qxd4+ 26. Kh1 Nxd3 0-1

[Event "FICGS W-ch cand fin email"]
[Site "FICGS email"]
[Date "2014.11.01"]
[Round "1"]
[White "Anderson, Peter W"]
[Black "Shapland, Roy"]
[Result "1-0"]
[WhiteElo "2541"]
[BlackElo "2324"]
[PlyCount "121"]
[EventDate "2014.??.??"]
[EventType "match (corr)"]
[EventRounds "8"]
[SourceTitle "Corr 2022"]
[Source "ChessBase"]
[SourceDate "2021.10.24"]
[SourceVersion "1"]
[SourceVersionDate "2021.10.24"]
[SourceQuality "1"]

1. d4 Nf6 2. c4 g6 3. Nc3 d5 4. Nf3 Bg7 5. Qb3 dxc4 6. Qxc4 0-0 7. e4 a6 8. e5 b5 9. Qb3 Nfd7 10. Ng5 Nc6 11. Be3 Na5 12. Qd1 Nc6 13. e6 Nf6 14. exf7+ Kh8 15. Be2 Nb4 16. h4 Bf5 17. Rc1 c5 18. g4 cxd4 19. gxf5 dxe3 20. Qxd8 Raxd8 21. fxg6 Bh6 22. Ne6 hxg6 23. Nxd8 Rxd8 24. Rd1 Rxd1+ 25. Bxd1 Nd3+ 26. Ke2 Nxf2 27. Rg1 Nh3 28. Rf1 Kg7 29. Nd5 Kxf7 30. Bc2 a5 31. Nxe3 Nf4+ 32. Kf3 e5 33. Ng4 Nxg4 34. Kxg4 b4 35. Re1 Ke6 36. Be4 a4 37. Rc1 Bf8 38. Rc6+ Kf7 39. Bc2 a3 40. bxa3 bxa3 41. Bb3+ Ke7 42. Rc8 Bh6 43. Ra8 Nd3 44. Ra7+ Kd8 45. Bf7 Bc1 46. Bxg6 Nb4 47. Bb1 Nd5 48. Ra5 Nf6+ 49. Kf5 Nh5 50. Kxe5 Kd7 51. Ra7+ Kc6 52. Be4+ Kb5 53. Rb7+ Ka6 54. Rb3 Nf4 55. Rxa3+ Kb6 56. Rf3 Ne2 57. Rb3+ Ka5 58. Bf3 Nf4 59. Rb1 Bd2 60. Rd1 Be3 61. Ke4 1-0

[Event "FICGS W-ch cand fin email"]
[Site "FICGS email"]
[Date "2014.11.01"]
[Round "6"]
[White "Shapland, Roy"]
[Black "Anderson, Peter W"]
[Result "1/2-1/2"]
[WhiteElo "2324"]
[BlackElo "2541"]
[PlyCount "314"]
[EventDate "2014.??.??"]
[EventType "match (corr)"]
[EventRounds "8"]
[SourceTitle "Corr 2022"]
[Source "ChessBase"]
[SourceDate "2021.10.24"]
[SourceVersion "1"]
[SourceVersionDate "2021.10.24"]
[SourceQuality "1"]

1. d4 d5 2. c4 c6 3. Nf3 Nf6 4. e3 e6 5. Bd3 Nbd7 6. 0-0 Bd6 7. Nbd2 0-0 8. e4 e5 9. cxd5 cxd5 10. Re1 h6 11. exd5 exd4 12. Nc4 Bc5 13. Bf4 Nxd5 14. Bg3 N7f6 15. a3 Bg4 16. Nce5 Be6 17. h3 a6 18. Qd2 Rc8 19. Rad1 b5 20. Rc1 Nh5 21. Bh2 Re8 22. g4 Nhf6 23. g5 hxg5 24. Nxg5 Rc7 25. Bb1 Bd6 26. Qxd4 Bc8 27. Bc2 Rce7 28. Kf1 Bxe5 29. Rxe5 Bb7 30. f3 Rxe5 31. Bxe5 Nb6 32. Qxd8 Rxd8 33. Bc7 Rd5 34. Bxb6 Rxg5 35. Rd1 Bd5 36. Bc7 Kf8 37. Bd6+ Ke8 38. Kf2 Rh5 39. Re1+ Kd7 40. Bg3 g6 41. h4 Ng8 42. Re5 Rxe5 43. Bxe5 Ke6 44. f4 Ne7 45. Bd1 Be4 46. h5 gxh5 47. Bxh5 Nc6 48. Bc3 Ne7 49. Bd4 Nc6 50. Bb6 Bg6 51. Bg4+ Bf5 52. Bf3 Ne7 53. Bd4 Nd5 54. Be5 Bc2 55. Bg4+ Bf5 56. Bf3 Bc2 57. Ke2 Bb1 58. Kd2 Bf5 59. Bb8 Bb1 60. Bg4+ Bf5 61. Be2 Bb1 62. Bf1 Bg6 63. a4 bxa4 64. Bxa6 Kf5 65. Bd3+ Kg4 66. Be2+ Kf5 67. Bd1 Nxf4 68. Ke3 Nd5+ 69. Kd4 Ke6 70. Bxa4 Nf6 71. b4 Nd7 72. Bb3+ Ke7 73. Bc7 Bh5 74. Bc4 Bf3 75. Bb5 Bg2 76. Ba6 Bf3 77. Bf1 Bb7 78. Bh2 Bf3 79. Bg3 Bb7 80. Bc7 Bf3 81. Bd3 Bg2 82. Be2 Bb7 83. Bh2 Bg2 84. Bg3 Bb7 85. Bg4 Bg2 86. Bf5 Bb7 87. Bh4+ f6 88. Bg3 Bg2 89. Bf4 Bb7 90. Bc2 Bg2 91. Ba4 Bb7 92. Bg3 Bg2 93. Bc7 Bb7 94. Bb5 Bg2 95. Ba6 Bf3 96. Bf1 Bb7 97. Bg3 Bf3 98. Bh2 Bb7 99. Bg1 Bf3 100. Bf2 Bb7 101. Be2 Bg2 102. Be1 Bb7 103. Bd2 Bg2 104. Be3 Bb7 105. Kc3 Bg2 106. Ba6 Bf3 107. Bf2 Bg2 108. Bd3 Bb7 109. b5 Bg2 110. Kb4 Bb7 111. Bf1 Bf3 112. Bg3 Bb7 113. Ka5 Bf3 114. Ka6 Be4 115. Ka7 Bf3 116. Bf2 Be4 117. Be3 Bf3 118. Bf4 Be4 119. Bg3 Bf3 120. Bh3 Be4 121. b6 Nxb6 122. Kxb6 Bd5 123. Kc5 Ba2 124. Bf5 Bb3 125. Kd4 Ba2 126. Ke3 Be6 127. Bg6 Kd7 128. Kf4 Kc6 129. Bh4 Bd5 130. Bxf6 Kb7 131. Ke5 Bg2 132. Bh5 Ka8 133. Kd6 Be4 134. Kc7 Bg2 135. Bd4 Be4 136. Bg4 Bg2 137. Bc8 Be4 138. Ba6 Bg2 139. Bc4 Bf3 140. Be6 Bg2 141. Bd7 Be4 142. Bg4 Bd5 143. Be2 Be4 144. Ba6 Bg2 145. Bf2 Be4 146. Bc8 Bg2 147. Kb6 Be4 148. Bg4 Bg2 149. Be2 Be4 150. Bg1 Bg2 151. Bg4 Bh1 152. Bh2 Be4 153. Be2 Bg2 154. Bd3 Bf3 155. Bf1 Be4 156. Bg3 Bf3 157. Bb5 Be4 1/2-1/2

[Event "FICGS W-ch final email"]
[Site "FICGS email"]
[Date "2014.03.18"]
[Round "1"]
[White "Legrand, Stephane"]
[Black "Shapland, Roy"]
[Result "0-1"]
[WhiteElo "2306"]
[BlackElo "2202"]
[PlyCount "128"]
[EventDate "2014.??.??"]
[EventType "tourn (corr)"]
[EventRounds "6"]
[EventCategory "5"]
[SourceTitle "Corr 2022"]
[Source "ChessBase"]
[SourceDate "2021.10.24"]
[SourceVersion "1"]
[SourceVersionDate "2021.10.24"]
[SourceQuality "1"]

1. d4 Nf6 2. c4 e6 3. g3 d5 4. Bg2 Bb4+ 5. Bd2 Be7 6. Nf3 0-0 7. 0-0 c6 8. Qc2 Nbd7 9. Rd1 b6 10. Bf4 Bb7 11. Ne5 Nh5 12. Bd2 Nhf6 13. cxd5 cxd5 14. Nc6 Bxc6 15. Qxc6 Rc8 16. Qb5 Nb8 17. Nc3 a6 18. Qd3 b5 19. e3 Nc6 20. Rac1 Qd7 21. Ne2 Bd6 22. a3 Rc7 23. b4 Re8 24. Rb1 h5 25. Bh3 h4 26. Nc1 g5 27. Nb3 g4 28. Bg2 h3 29. Bh1 e5 30. Nc5 Bxc5 31. dxc5 e4 32. Qe2 Ne5 33. a4 Rb8 34. Bc3 Qe6 35. Bxe5 Qxe5 36. a5 Re8 37. Rd4 Qf5 38. Rbd1 Re5 39. Qc2 Kf8 40. Qd2 Qe6 41. Qc3 Ng8 42. R4d2 Ne7 43. Qb2 Nc6 44. Qc3 Rd7 45. Kf1 d4 46. exd4 Red5 47. Qe3 f5 48. f3 gxf3 49. Bxf3 Qf6 50. Be2 Nxb4 51. Qf4 Re7 52. Rb2 Nc6 53. Qe3 Red7 54. Rbd2 Ke7 55. Bh5 Nxa5 56. Ra2 Nc4 57. Qf4 a5 58. Be2 Rxd4 59. Rxd4 Qxd4 60. Qg5+ Ke6 61. Qg8+ Kf6 62. Qh8+ Ke7 63. Qxh3 Ne3+ 64. Ke1 Ng4 0-1

[Event "FICGS theme 0001 email"]
[Site "FICGS email"]
[Date "2013.02.23"]
[Round "1"]
[White "O Brien, Glenn"]
[Black "Shapland, Roy"]
[Result "0-1"]
[WhiteElo "1623"]
[BlackElo "2066"]
[PlyCount "68"]
[EventDate "2013.??.??"]
[EventType "swiss (corr)"]
[EventRounds "1"]
[SourceTitle "Corr 2022"]
[Source "ChessBase"]
[SourceDate "2021.10.24"]
[SourceVersion "1"]
[SourceVersionDate "2021.10.24"]
[SourceQuality "1"]

1. e4 e5 2. f4 exf4 3. Nf3 d6 4. d4 g5 5. h4 g4 6. Ng1 Bh6 7. Nc3 c6 8. Nge2 Qf6 9. g3 f3 10. Nf4 Qe7 11. Kf2 Nf6 12. Bd3 Bg7 13. Re1 Nbd7 14. Be3 0-0 15. a4 Re8 16. Bd2 Nf8 17. a5 Ng6 18. Nxg6 hxg6 19. Bg5 Qf8 20. a6 Nh5 21. Bc4 b5 22. Nxb5 cxb5 23. Bxb5 Rd8 24. Bc6 Rb8 25. Bxd8 Qxd8 26. Bb7 Bxb7 27. axb7 Rxb7 28. Rb1 Rb4 29. c3 Qb6 30. Ke3 Rxb2 31. Rxb2 Qxb2 32. Kd3 Nxg3 33. Kc4 Nxe4 34. Rxe4 d5+ 0-1

[Event "FICGS theme 0001 email"]
[Site "FICGS email"]
[Date "2013.02.23"]
[Round "1"]
[White "Trigance, Emile"]
[Black "Shapland, Roy"]
[Result "0-1"]
[WhiteElo "1600"]
[BlackElo "2066"]
[PlyCount "50"]
[EventDate "2013.??.??"]
[EventType "swiss (corr)"]
[EventRounds "1"]
[SourceTitle "Corr 2022"]
[Source "ChessBase"]
[SourceDate "2021.10.24"]
[SourceVersion "1"]
[SourceVersionDate "2021.10.24"]
[SourceQuality "1"]

1. e4 e5 2. f4 exf4 3. Nf3 d6 4. d4 g5 5. h4 g4 6. Ng1 Bh6 7. Ne2 Qf6 8. Nbc3 c6 9. g3 f3 10. Nf4 Qe7 11. Kf2 Nf6 12. Bd3 Bg7 13. Be3 Nbd7 14. Qd2 0-0 15. h5 h6 16. Nd1 Nxe4+ 17. Bxe4 Qxe4 18. Nc3 Qf5 19. b3 Re8 20. Rad1 Nf6 21. a4 b5 22. axb5 cxb5 23. b4 a5 24. bxa5 b4 25. Na4 Ne4+ 0-1

[Event "FICGS theme 0001 email"]
[Site "FICGS email"]
[Date "2013.02.02"]
[Round "1"]
[White "Shapland, Roy"]
[Black "Strohmeier, Josef"]
[Result "1-0"]
[WhiteElo "2066"]
[BlackElo "1430"]
[PlyCount "35"]
[EventDate "2013.??.??"]
[EventType "swiss (corr)"]
[EventRounds "1"]
[SourceTitle "Corr 2022"]
[Source "ChessBase"]
[SourceDate "2021.10.24"]
[SourceVersion "1"]
[SourceVersionDate "2021.10.24"]
[SourceQuality "1"]

1. e4 e5 2. Nf3 Nc6 3. Bb5 f5 4. Nc3 fxe4 5. Nxe4 d5 6. Nxe5 dxe4 7. Nxc6 Qd5 8. c4 Qd6 9. Nxa7+ c6 10. Nxc8 Rxc8 11. Ba4 Nf6 12. Rb1 Be7 13. 0-0 0-0 14. b4 Ra8 15. c5 Qd3 16. Bc2 Qd7 17. Qe2 Rxa2 18. Bb3+ 1-0

[Event "FICGS theme 0001 email"]
[Site "FICGS email"]
[Date "2013.01.13"]
[Round "1"]
[White "Andreoni, Mario"]
[Black "Shapland, Roy"]
[Result "0-1"]
[WhiteElo "1800"]
[BlackElo "2066"]
[PlyCount "30"]
[EventDate "2013.??.??"]
[EventType "swiss (corr)"]
[EventRounds "1"]
[SourceTitle "Corr 2022"]
[Source "ChessBase"]
[SourceDate "2021.10.24"]
[SourceVersion "1"]
[SourceVersionDate "2021.10.24"]
[SourceQuality "1"]

1. e4 e5 2. Nf3 Nc6 3. Bb5 f5 4. Nc3 fxe4 5. Nxe4 Nf6 6. Bxc6 bxc6 7. Qe2 d5 8. Neg5 Bd6 9. Nxe5 0-0 10. f4 h6 11. Ngf3 Nh5 12. g3 Nxf4 13. gxf4 Bxe5 14. fxe5 Rxf3 15. Qxf3 Qh4+ 0-1

[Event "FICGS theme 0001 email"]
[Site "FICGS email"]
[Date "2013.01.04"]
[Round "1"]
[White "Archip, Laurentiu"]
[Black "Shapland, Roy"]
[Result "0-1"]
[WhiteElo "1645"]
[BlackElo "2010"]
[PlyCount "62"]
[EventDate "2013.??.??"]
[EventType "swiss (corr)"]
[EventRounds "1"]
[SourceTitle "Corr 2022"]
[Source "ChessBase"]
[SourceDate "2021.10.24"]
[SourceVersion "1"]
[SourceVersionDate "2021.10.24"]
[SourceQuality "1"]

1. e4 e5 2. Nf3 Nc6 3. Bb5 f5 4. exf5 e4 5. Qe2 Qe7 6. Bxc6 bxc6 7. Nd4 Nf6 8. Nc3 c5 9. Ndb5 d5 10. d3 a6 11. Na3 exd3 12. Qxe7+ Bxe7 13. cxd3 Bxf5 14. Kd2 c4 15. dxc4 0-0-0 16. cxd5 Nxd5 17. Nxd5 Rxd5+ 18. Ke2 Bd3+ 19. Kf3 Bd6 20. Bf4 Rf8 21. g3 g5 22. Rhe1 gxf4 23. g4 h5 24. h3 Be5 25. Rad1 hxg4+ 26. hxg4 Bxb2 27. Nb1 c5 28. Re6 Be4+ 29. Rxe4 Rxd1 30. Rc4 Bd4 31. Nc3 Rd3+ 0-1

[Event "FICGS theme 0001 email"]
[Site "FICGS email"]
[Date "2012.11.07"]
[Round "1"]
[White "Sorcinelli, Andrea"]
[Black "Shapland, Roy"]
[Result "1/2-1/2"]
[WhiteElo "2019"]
[BlackElo "2010"]
[PlyCount "38"]
[EventDate "2012.??.??"]
[EventType "swiss (corr)"]
[EventRounds "1"]
[SourceTitle "Corr 2022"]
[Source "ChessBase"]
[SourceDate "2021.10.24"]
[SourceVersion "1"]
[SourceVersionDate "2021.10.24"]
[SourceQuality "1"]

1. e4 e5 2. Nf3 Nc6 3. Bb5 f5 4. d3 fxe4 5. dxe4 Nf6 6. 0-0 Bc5 7. Qd3 d6 8. Qc4 Bd7 9. Nc3 Qe7 10. Nd5 Nxd5 11. exd5 Nd4 12. Nxd4 Bxd4 13. Bxd7+ Qxd7 14. a4 a6 15. Be3 Bxe3 16. fxe3 0-0-0 17. Rf2 Rdf8 18. Raf1 Rxf2 19. Rxf2 Kb8 1/2-1/2

[Event "FICGS W-ch st1 g03 email"]
[Site "FICGS email"]
[Date "2012.11.01"]
[Round "1"]
[White "Martinez, Chapo"]
[Black "Shapland, Roy"]
[Result "1/2-1/2"]
[WhiteElo "2030"]
[BlackElo "2010"]
[PlyCount "143"]
[EventDate "2012.??.??"]
[EventType "tourn (corr)"]
[EventRounds "8"]
[SourceTitle "Corr 2022"]
[Source "ChessBase"]
[SourceDate "2021.10.24"]
[SourceVersion "1"]
[SourceVersionDate "2021.10.24"]
[SourceQuality "1"]

1. d4 Nf6 2. c4 g6 3. Nc3 d5 4. cxd5 Nxd5 5. e4 Nxc3 6. bxc3 Bg7 7. Bc4 c5 8. Ne2 Nc6 9. Be3 0-0 10. 0-0 Qc7 11. Rc1 b6 12. Qd2 Rd8 13. Bh6 e6 14. Bg5 Rd7 15. Rfd1 Bb7 16. Bf4 Qd8 17. d5 Ne5 18. Bb5 Rd6 19. c4 a6 20. Ba4 exd5 21. cxd5 b5 22. Bb3 Rc8 23. Qe3 c4 24. Bc2 Rd7 25. Qg3 Qe7 26. h3 Re8 27. Bd2 Bf6 28. Nf4 b4 29. Ba4 c3 30. Bxc3 bxc3 31. Rxc3 Qb4 32. Bxd7 Nxd7 33. Rb3 Qa4 34. Rc1 Ba8 35. a3 Bh4 36. Qd3 Rxe4 37. Rc8+ Kg7 38. Rb4 Rxb4 39. axb4 Qxb4 40. g3 Qb7 41. Rxa8 Qxa8 42. gxh4 Qb8 43. Ng2 Qb2 44. Qxa6 Ne5 45. Ne3 h5 46. Kg2 Qb4 47. Qa1 Qe4+ 48. Kg1 Kh7 49. Qc3 Nf3+ 50. Kf1 Qxh4 51. Qc7 Kg8 52. Qc8+ Kg7 53. Qc3+ Kh7 54. Qc7 Qxh3+ 55. Ke2 Kg8 56. Qb8+ Kg7 57. Qb2+ Kg8 58. Qb8+ Kh7 59. Qc7 Ng1+ 60. Kd3 Qf3 61. d6 Ne2 62. d7 Nf4+ 63. Qxf4 Qxf4 64. d8Q Qxf2 65. Ke4 Kg7 66. Qd4+ Qf6 67. Qe5 Qxe5+ 68. Kxe5 f6+ 69. Ke4 h4 70. Kf4 g5+ 71. Kf5 Kf7 72. Ng4 1/2-1/2

[Event "FICGS W-ch st1 g03 email"]
[Site "FICGS email"]
[Date "2012.11.01"]
[Round "1"]
[White "Pereira, Nilson"]
[Black "Shapland, Roy"]
[Result "1/2-1/2"]
[WhiteElo "1901"]
[BlackElo "2010"]
[PlyCount "90"]
[EventDate "2012.??.??"]
[EventType "tourn (corr)"]
[EventRounds "8"]
[SourceTitle "Corr 2022"]
[Source "ChessBase"]
[SourceDate "2021.10.24"]
[SourceVersion "1"]
[SourceVersionDate "2021.10.24"]
[SourceQuality "1"]

1. e4 c5 2. Nf3 d6 3. d4 cxd4 4. Nxd4 Nf6 5. Nc3 a6 6. Be3 e5 7. Nb3 Be7 8. f3 Be6 9. Qd2 0-0 10. 0-0-0 Nbd7 11. g4 b5 12. g5 Nh5 13. Kb1 Nb6 14. Nd5 Nxd5 15. exd5 Bd7 16. Na5 Qc7 17. Rg1 g6 18. c4 f6 19. Rc1 Bf5+ 20. Ka1 Bd8 21. Nc6 fxg5 22. Nxd8 Qxd8 23. Bxg5 Qd7 24. Be2 Nf4 25. Bxf4 exf4 26. Qxf4 Qa7 27. Rge1 Rae8 28. Qh4 Bd7 29. a3 b4 30. axb4 Qe3 31. Bf1 Qd2 32. c5 dxc5 33. Bc4 cxb4 34. d6+ Kh8 35. Red1 Qf4 36. Qxf4 Rxf4 37. Bd5 Rd8 38. Bc6 b3 39. Bxd7 Rxd7 40. Rd3 a5 41. Kb1 Kg8 42. Rc7 Rff7 43. Rc6 a4 44. Kc1 Rf4 45. Rc7 Rd8 1/2-1/2